| 000 | 00764nam a2200229 i 4500 | ||
|---|---|---|---|
| 001 | 162474 | ||
| 003 | ES-MaACL | ||
| 005 | 20250916063056.0 | ||
| 008 | 931025s1899 sp |||| | spa d | ||
| 100 | 1 |
_aPosada, Adolfo, _d1860-1944 _993316 |
|
| 245 | 1 | 0 |
_aFeminismo / _cAdolfo Posada. |
| 260 |
_aMadrid : _bLibrería de Fernando Fé, _c1899. |
||
| 300 |
_a296 p. ; _c18 cm. |
||
| 530 | _aDisponible en formato digital. | ||
| 650 | 0 | 4 |
_aFeminismo- _xHistoria _912748 |
| 650 | 4 |
_aFeminismo- _zEspaña. _912745 |
|
| 700 | 1 |
_aFé, Fernando, _eed. _9176453 |
|
| 752 |
_aEspaña - _dMadrid |
||
| 852 |
_aES-MaACL _jG-14255 _z- Enc. hol. |
||
| 856 |
_uhttps://archive.org/details/feminismo00posagoog/page/n8 _zInternet Archive |
||
| 999 |
_c162474 _d162474 |
||